| 000 | 00494nam a2200133Ia 4500 | ||
|---|---|---|---|
| 008 | 171212s9999 xx 000 0 und d | ||
| 020 | _a9780731537501 | ||
| 100 | _aArkadie, Brian Van;Mallon, Raymond | ||
| 245 |
_cArkadie, Brian Van;Mallon, Raymond _aViet Nam — a Transition Tiger? |
||
| 260 |
_bANU E Press _c2004 |
||
| 650 | _aPolitical Science | ||
| 650 | _aVietnam -- Economic conditions -- 1975-; Vietnam -- Economic policy -- 1975- | ||
| 856 | _uwww.jstor.org/stable/10.2307/j.ctt2jbjk6 | ||
| 999 |
_c351411 _d351411 |
||